| 000 | 00640nam a2200241Ia 4500 | ||
|---|---|---|---|
| 008 | 180523s9999 xx 000 0 und d | ||
| 020 | _a0-07-304018-5 | ||
| 050 | _aMAIN QA 303 | ||
| 050 | _b.H64 2000 .c3 | ||
| 100 | _aHoffmann, Laurence D. | ||
| 245 | 0 | _aCalculus : | |
| 245 | 0 | _bfor business, economics, and the social and life eciences / | |
| 245 | 0 | _cLaurence D. Hoffmann, Gerald L. Bradley. | |
| 250 | _a7th Edition | ||
| 260 | _aCanada : | ||
| 260 | _bMcGraw-Hill, | ||
| 260 | _c2000 | ||
| 300 | _a722 pages : | ||
| 300 | _billustrations ; | ||
| 300 | _c23 cm. | ||
| 500 | _aIncludes index. | ||
| 650 | _aCalculus. | ||
| 999 |
_c357460 _d357460 |
||